[Event "Gausdal Classics 2008 GM-B"]
[Site "Gausdal NOR"]
[Date "2008.04.10"]
[Round "3.6"]
[White "Bromberger, Stefan"]
[Black "Cox, John J"]
[Result "1/2-1/2"]
[WhiteElo "2487"]
[BlackElo "2380"]
[PlyCount "107"]
[EventDate "2008.04.08"]
[EventType "swiss"]
[EventRounds "9"]
[EventCountry "NOR"]
[Source "lmi"]
[SourceDate "2008.04.08"]

1. d4 d5 2. c4 e6 3. Nc3 Be7 4. Nf3 Nf6 5. Bg5 O-O 6. e3 Nbd7 7. Qc2 c6 8. Rd1
b6 9. Bd3 Bb7 10. O-O Rc8 11. Ne5 h6 12. Bxf6 Bxf6 13. f4 Bxe5 14. fxe5 Qg5 15.
Qf2 f6 16. h4 Qg4 17. Qf4 Qxf4 18. exf4 fxe5 19. fxe5 Rxf1+ 20. Bxf1 Kf8 21.
cxd5 exd5 22. g3 Ke7 23. Bh3 Rd8 24. b4 Nf8 25. Rf1 Ne6 26. Bxe6 Kxe6 27. Ne2
Ba6 28. Nf4+ Ke7 29. Ng6+ Ke6 30. Nf8+ Ke7 31. Ng6+ Ke6 32. Nf4+ Ke7 33. Rc1
Bc4 34. Ng2 c5 35. bxc5 bxc5 36. Ne3 Ke6 37. Nxc4 dxc4 38. dxc5 Kxe5 39. Rxc4
Kd5 40. Rc3 Rc8 41. Rd3+ Kc6 42. Rd6+ Kxc5 43. Rd7 g5 44. hxg5 hxg5 45. Rxa7
Kd6 46. Kf2 Rc3 47. Ra5 Ke6 48. a4 g4 49. Ra8 Rf3+ 50. Kg2 Ra3 51. a5 Kf6 52.
a6 Kg7 53. a7 Kh7 54. Kf2 1/2-1/2

[Event "Gausdal Classics 2008 GM-B"]
[Site "Gausdal NOR"]
[Date "2008.04.10"]
[Round "3.7"]
[White "Westerinen, Heikki M.J"]
[Black "Akesson, Ralf"]
[Result "1/2-1/2"]
[WhiteElo "2357"]
[BlackElo "2466"]
[PlyCount "89"]
[EventDate "2008.04.08"]
[EventType "swiss"]
[EventRounds "9"]
[EventCountry "NOR"]
[Source "lmi"]
[SourceDate "2008.04.08"]

1. e4 c5 2. Nf3 d6 3. d4 cxd4 4. Nxd4 Nf6 5. Nc3 e6 6. Bd3 Be7 7. O-O Nbd7 8.
f4 a6 9. Kh1 Nc5 10. e5 dxe5 11. fxe5 Nfd7 12. Bf4 Nf8 13. Ne4 Nxd3 14. Qxd3
Ng6 15. Bg3 O-O 16. Nd6 Bxd6 17. exd6 e5 18. Nf5 Bxf5 19. Rxf5 f6 20. h4 Nh8
21. c4 Nf7 22. c5 a5 23. Rd1 Qd7 24. Rf3 Rfc8 25. Bf2 Rc6 26. Qb5 e4 27. Rb3
Ra7 28. Qe2 f5 29. Bd4 Nd8 30. Qf2 Qf7 31. Rg3 Ne6 32. Bc3 Ra8 33. b4 axb4 34.
Bxb4 Qh5 35. Qd2 f4 36. Ra3 Rxa3 37. Bxa3 Qxh4+ 38. Kg1 e3 39. Qd5 Qf2+ 40. Kh1
Qh4+ 41. Kg1 Qf6 42. Bb2 Qf7 43. d7 Nd8 44. Qg5 Qf8 45. Qd5+ 1/2-1/2

[Event "Gausdal Classics 2008 GM-B"]
[Site "Gausdal NOR"]
[Date "2008.04.10"]
[Round "3.8"]
[White "Prasad, Arun"]
[Black "Kadziolka, Beata"]
[Result "1-0"]
[WhiteElo "2465"]
[BlackElo "2326"]
[PlyCount "95"]
[EventDate "2008.04.08"]
[EventType "swiss"]
[EventRounds "9"]
[EventCountry "NOR"]
[Source "lmi"]
[SourceDate "2008.04.08"]

1. d4 f5 2. g3 Nf6 3. Bg2 g6 4. Nf3 Bg7 5. O-O O-O 6. b3 d6 7. Bb2 h6 8. Nbd2
g5 9. c4 Qe8 10. Qc2 Qh5 11. e4 f4 12. e5 Nh7 13. Rfe1 Bf5 14. Qc3 g4 15. Nh4
Nc6 16. c5 f3 17. Bf1 d5 18. b4 e6 19. b5 Ne7 20. c6 b6 21. Ba3 Rf7 22. Bxe7
Rxe7 23. a4 Bf8 24. a5 Rae8 25. axb6 axb6 26. Ra7 Rg7 27. Rea1 Rc8 28. Ra8 Rxa8
29. Rxa8 Qf7 30. Nxf5 Qxf5 31. h4 gxh3 32. Qxf3 Qg6 33. Bd3 Qf7 34. Qxf7+ Rxf7
35. f4 Kg7 36. Nf1 Bb4 37. Ra4 Bc3 38. Kh2 Nf8 39. Ne3 Bd2 40. Ng4 h5 41. Nf6
h4 42. Kxh3 hxg3 43. Kxg3 Ng6 44. Bxg6 Kxg6 45. Kg4 Be3 46. Ra8 Re7 47. Rc8
Bxd4 48. Ne8 1-0

[Event "Gausdal Classics 2008 GM-B"]
[Site "Gausdal NOR"]
[Date "2008.04.10"]
[Round "3.9"]
[White "Eriksen, Terje"]
[Black "Djurhuus, Rune"]
[Result "0-1"]
[WhiteElo "2170"]
[BlackElo "2459"]
[PlyCount "114"]
[EventDate "2008.04.08"]
[EventType "swiss"]
[EventRounds "9"]
[EventCountry "NOR"]
[Source "lmi"]
[SourceDate "2008.04.08"]

1. Nf3 g6 2. c4 Bg7 3. d4 c5 4. e4 cxd4 5. Nxd4 Nc6 6. Be3 Nf6 7. Nc3 O-O 8.
Be2 d6 9. O-O Nxd4 10. Bxd4 Bd7 11. b4 Be6 12. f3 Nd7 13. Nd5 Bxd5 14. cxd5
Bxd4+ 15. Qxd4 Qb6 16. Qxb6 Nxb6 17. Rfc1 Rac8 18. Kf2 Kg7 19. Ke3 f5 20. a4
fxe4 21. fxe4 h5 22. Bb5 a6 23. Be2 Rxc1 24. Rxc1 Nxa4 25. Rc7 Kf6 26. Rxb7 Ra8
27. Bd1 Nc3 28. Bc2 a5 29. Kd2 axb4 30. Rxb4 Ra3 31. Rb7 h4 32. e5+ Kxe5 33.
Rxe7+ Kxd5 34. Bxg6 Kd4 35. Rh7 d5 36. Rxh4+ Ne4+ 37. Ke2 Ra2+ 38. Kf1 Ra6 39.
Bxe4 dxe4 40. Rh8 Ke3 41. Rh3+ Kd2 42. Rb3 Rf6+ 43. Kg1 e3 44. Rb2+ Kd1 45. Ra2
e2 46. Ra1+ Kd2 47. Ra2+ Kd3 48. Ra3+ Kd4 49. Ra1 Ra6 50. Rb1 Kd3 51. g4 Kc2
52. Kf2 Kxb1 53. Kxe2 Kc2 54. g5 Ra5 55. Kf3 Rxg5 56. h4 Rg1 57. h5 Rg5 0-1

[Event "Gausdal Classics 2008 GM-B"]
[Site "Gausdal NOR"]
[Date "2008.04.10"]
[Round "3.10"]
[White "Hammer, Jon Ludvig"]
[Black "Leniart, Arkadiusz"]
[Result "0-1"]
[WhiteElo "2457"]
[BlackElo "2324"]
[PlyCount "148"]
[EventDate "2008.04.08"]
[EventType "swiss"]
[EventRounds "9"]
[EventCountry "NOR"]
[Source "lmi"]
[SourceDate "2008.04.08"]

1. e4 e5 2. Nf3 Nc6 3. Bb5 a6 4. Ba4 Nf6 5. O-O Be7 6. Re1 b5 7. Bb3 d6 8. c3
O-O 9. a3 Nd7 10. d3 Na5 11. Ba2 c5 12. b4 Nc6 13. Bd5 Bb7 14. Be3 Qc7 15. Nbd2
Nd8 16. Bxb7 Qxb7 17. Nb3 Nc6 18. d4 c4 19. d5 Ncb8 20. Na5 Qc8 21. a4 f5 22.
exf5 Nf6 23. Ng5 Qxf5 24. Ne6 Rc8 25. Bb6 Nbd7 26. Bc7 Ne8 27. Nc6 Bh4 28. g3
Bf6 29. Ba5 Nb8 30. Nxb8 Raxb8 31. f3 Qd3 32. Rc1 Qxd1 33. Rexd1 g6 34. axb5
axb5 35. Kf2 Rb7 36. Rc2 Ng7 37. Nxg7 Kxg7 38. Ke3 Ra7 39. Ra1 Rca8 40. Rca2 e4
41. fxe4 Bxc3 42. Rb1 Rf7 43. Rc2 Be5 44. Ra2 g5 45. Ke2 Bd4 46. Rd2 Rf2+ 47.
Ke1 Rxd2 48. Kxd2 Rf8 49. Rd1 Rf2+ 50. Ke1 c3 51. Rxd4 c2 52. Kxf2 c1=Q 53. e5
Qb2+ 54. Ke3 Qc3+ 55. Ke4 Qe1+ 56. Kd3 dxe5 57. Re4 Qd1+ 58. Ke3 Qxd5 59. h4 h6
60. hxg5 hxg5 61. Bb6 Kf6 62. Bc5 Ke6 63. g4 Qb3+ 64. Kf2 Qh3 65. Re3 Qxg4 66.
Rg3 Qf4+ 67. Kg2 g4 68. Re3 Kf5 69. Ra3 Qd2+ 70. Kg3 Qe1+ 71. Kg2 Kf4 72. Bf2
Qe4+ 73. Kg1 Qb1+ 74. Kg2 Qxb4 0-1

[Event "Gausdal Classics 2008 GM-B"]
[Site "Gausdal NOR"]
[Date "2008.04.10"]
[Round "3.11"]
[White "Lie, Espen"]
[Black "Kovachev, Daniel Jakobsen"]
[Result "1-0"]
[WhiteElo "2440"]
[BlackElo "2189"]
[PlyCount "153"]
[EventDate "2008.04.08"]
[EventType "swiss"]
[EventRounds "9"]
[EventCountry "NOR"]
[Source "lmi"]
[SourceDate "2008.04.08"]

1. e4 e5 2. Nf3 Nc6 3. Bb5 a6 4. Ba4 Nf6 5. O-O Be7 6. d3 b5 7. Bb3 d6 8. a4
Bd7 9. Bd2 O-O 10. Nc3 Na5 11. Ba2 c5 12. Nd5 Nxd5 13. Bxd5 Nc6 14. axb5 axb5
15. Rxa8 Qxa8 16. b4 cxb4 17. Bxb4 Qa7 18. Bd2 Bf6 19. Qa1 Qc7 20. Qa6 Ne7 21.
Bb3 Bc6 22. Qa2 Qd7 23. Bb4 g6 24. Ra1 h6 25. Qb2 Bb7 26. Ra3 Kg7 27. Qa2 Nc6
28. Bd2 Ne7 29. Qb2 Kh7 30. Ra7 Nc6 31. Ra1 Ne7 32. Rb1 Bc6 33. Qa2 Ra8 34. Qb2
Rf8 35. Re1 Bh8 36. Qc1 Bg7 37. Re3 f5 38. Ng5+ Kh8 39. Nf7+ Kh7 40. Ng5+ Kh8
41. Ne6 Re8 42. Re1 f4 43. d4 g5 44. Qd1 Bf6 45. Qh5 Ng8 46. d5 Bb7 47. Ra1 Qe7
48. Bb4 Ra8 49. Rxa8 Bxa8 50. Qd1 Bb7 51. Qa1 Qd7 52. Qa7 Be7 53. Qb8 g4 54.
Nf8 Qc8 55. Ng6+ Kg7 56. Qxc8 Bxc8 57. Nxe7 Nxe7 58. Bxd6 Kf6 59. Bc7 Ng6 60.
Bd8+ Kf7 61. Kf1 Ke8 62. Ba5 Ke7 63. Ke2 f3+ 64. gxf3 Nf4+ 65. Ke3 Ng2+ 66. Kd2
gxf3 67. Bc7 Kf6 68. Bd8+ Kg6 69. Kc3 h5 70. Kb4 Ne3 71. Kxb5 Nd1 72. Bh4 Nc3+
73. Kc6 Nxe4 74. d6 Kf5 75. Bd5 Nd2 76. Kc7 Kg4 77. Kxc8 1-0

[Event "Gausdal Classics 2008 GM-B"]
[Site "Gausdal NOR"]
[Date "2008.04.10"]
[Round "3.12"]
[White "Andersen, Mads"]
[Black "Elsness, Frode"]
[Result "0-1"]
[WhiteElo "2020"]
[BlackElo "2440"]
[PlyCount "120"]
[EventDate "2008.04.08"]
[EventType "swiss"]
[EventRounds "9"]
[EventCountry "NOR"]
[Source "lmi"]
[SourceDate "2008.04.08"]

1. e4 e5 2. Nf3 Nc6 3. Bb5 a6 4. Ba4 Nf6 5. O-O Be7 6. Re1 b5 7. Bb3 d6 8. c3
O-O 9. h3 Na5 10. Bc2 c5 11. d4 Qc7 12. Nbd2 Nc6 13. d5 Nd8 14. a4 Rb8 15. b3
Ne8 16. Nf1 g6 17. axb5 axb5 18. Bh6 Ng7 19. Ng3 f6 20. Qb1 Nf7 21. Be3 Bd7 22.
Bd3 Ra8 23. Qc2 Qb7 24. c4 b4 25. Bd2 Ra6 26. Rxa6 Qxa6 27. Rb1 Ra8 28. Rb2 Bf8
29. Nh2 Ne8 30. Be2 h5 31. Nf3 Kh7 32. Bd3 Bh6 33. Be1 Ng7 34. Nd2 Kh8 35. Ne2
f5 36. Kh2 f4 37. f3 g5 38. Nc1 Qc8 39. Bf1 g4 40. Ne2 Ra1 41. Rb1 Ra3 42. Rb2
Qa8 43. Ng1 Bg5 44. Be2 Ne8 45. Bf1 Kg7 46. Be2 Nf6 47. Bf1 Nh8 48. Be2 Ng6 49.
Bf1 Bh4 50. Bxh4 Nxh4 51. Kh1 Nh7 52. Nb1 Ra1 53. Qf2 Qd8 54. Qe1 Qg5 55. Kh2
Kh6 56. Bd3 Ra8 57. Rc2 Rg8 58. Ra2 gxh3 59. Nxh3 Qg3+ 60. Qxg3 fxg3+ 0-1

[Event "Gausdal Classics 2008 GM-B"]
[Site "Gausdal NOR"]
[Date "2008.04.10"]
[Round "3.13"]
[White "Tolhuizen, Ludo"]
[Black "Berelovich, Aleksandar"]
[Result "0-1"]
[WhiteElo "2248"]
[BlackElo "2595"]
[PlyCount "70"]
[EventDate "2008.04.08"]
[EventType "swiss"]
[EventRounds "9"]
[EventCountry "NOR"]
[Source "lmi"]
[SourceDate "2008.04.08"]

1. d4 f5 2. c4 Nf6 3. Nc3 e6 4. a3 Be7 5. Qc2 O-O 6. Bg5 b6 7. Nf3 Bb7 8. Bxf6
Bxf6 9. O-O-O c5 10. d5 Bxc3 11. Qxc3 exd5 12. cxd5 Na6 13. e3 c4 14. h4 Nc5
15. Qxc4 Ne4 16. Qe2 Rc8+ 17. Kb1 Rc5 18. Nd2 Bxd5 19. Nxe4 Bxe4+ 20. Ka1 Qc7
21. Qe1 b5 22. Bd3 Bxg2 23. Rg1 Bf3 24. Be2 Be4 25. Qb4 a5 26. Qd4 d6 27. f3
Bc2 28. Rde1 b4 29. h5 h6 30. Rc1 bxa3 31. bxa3 Rc3 32. Ka2 Bb3+ 33. Kb2 Rc2+
34. Kxb3 Rb8+ 35. Ka4 Qc6+ 0-1

[Event "Gausdal Classics 2008 GM-B"]
[Site "Gausdal NOR"]
[Date "2008.04.10"]
[Round "3.15"]
[White "Womacka, Mathias"]
[Black "Groffen, Hans"]
[Result "0-1"]
[WhiteElo "2220"]
[BlackElo "2445"]
[PlyCount "60"]
[EventDate "2008.04.08"]
[EventType "swiss"]
[EventRounds "9"]
[EventCountry "NOR"]
[Source "lmi"]
[SourceDate "2008.04.08"]

1. d4 Nf6 2. c4 e6 3. Nf3 c5 4. d5 exd5 5. cxd5 d6 6. Nc3 g6 7. e4 Bg7 8. Bg5
h6 9. Bh4 a6 10. Nd2 b5 11. Be2 O-O 12. Qc2 Nbd7 13. a4 b4 14. Nd1 Re8 15. Ne3
b3 16. Qb1 Rb8 17. O-O Rb4 18. f3 Nxe4 19. Bxd8 Nxd2 20. Qd1 Nxf1 21. Nxf1 Rxd8
22. Ra3 c4 23. Qd2 c3 24. bxc3 b2 25. Bd3 b1=Q 26. Bxb1 Rxb1 27. Qc2 Re1 28.
Kf2 Rde8 29. Ng3 Nc5 30. a5 Bd7 0-1

[Event "Gausdal Classics 2008 GM-B"]
[Site "Gausdal NOR"]
[Date "2008.04.10"]
[Round "3.16"]
[White "Unander, Matts"]
[Black "Pruess, David"]
[Result "0-1"]
[WhiteElo "2132"]
[BlackElo "2425"]
[PlyCount "64"]
[EventDate "2008.04.08"]
[EventType "swiss"]
[EventRounds "9"]
[EventCountry "NOR"]
[Source "lmi"]
[SourceDate "2008.04.08"]

1. e4 c5 2. Nf3 d6 3. d4 Nf6 4. Nc3 cxd4 5. Nxd4 a6 6. Be3 e6 7. Be2 b5 8. Bf3
b4 9. e5 dxe5 10. Nb3 Bd7 11. Bxa8 bxc3 12. bxc3 Qc7 13. O-O Bd6 14. c4 e4 15.
h3 O-O 16. c5 Bh2+ 17. Kh1 Bb5 18. Re1 Rd8 19. Qc1 Be5 20. c4 Be8 21. Rb1 Qa7
22. Rd1 Rc8 23. Bd5 exd5 24. cxd5 Bb5 25. c6 Qe7 26. Nc5 Bd6 27. Qc3 Ng4 28.
Nb3 Bd3 29. Rb2 Nxe3 30. fxe3 Qg5 31. Qe1 Qe5 32. g4 Qxb2 0-1

[Event "Gausdal Classics 2008 GM-B"]
[Site "Gausdal NOR"]
[Date "2008.04.10"]
[Round "3.17"]
[White "Arvola, Benjamin"]
[Black "Collins, Sam E"]
[Result "1/2-1/2"]
[WhiteElo "2084"]
[BlackElo "2421"]
[PlyCount "105"]
[EventDate "2008.04.08"]
[EventType "swiss"]
[EventRounds "9"]
[EventCountry "NOR"]
[Source "lmi"]
[SourceDate "2008.04.08"]

1. e4 e5 2. Nf3 Nc6 3. Bb5 a6 4. Ba4 Nf6 5. O-O Nxe4 6. d4 b5 7. Bb3 d5 8. dxe5
Be6 9. Nbd2 Nc5 10. c3 d4 11. Ng5 Qxg5 12. Qf3 O-O-O 13. Bxe6+ fxe6 14. Qxc6
Qxe5 15. b4 Qd5 16. Qxd5 exd5 17. bxc5 dxc3 18. Nb3 d4 19. Ba3 g6 20. Bb4 Bg7
21. a4 d3 22. axb5 d2 23. c6 Kb8 24. bxa6 c2 25. a7+ Ka8 26. Nxd2 Bxa1 27. Rxa1
Rxd2 28. Bxd2 Rd8 29. Kf1 Rxd2 30. Ke1 Rd1+ 31. Rxd1 cxd1=Q+ 32. Kxd1 Kxa7 33.
Kc2 Kb6 34. Kc3 Kxc6 35. Kc4 h5 36. g3 Kd6 37. Kd4 g5 38. f3 h4 39. Kc4 Kc6 40.
Kd4 Kd6 41. Kc4 c5 42. f4 gxf4 43. gxf4 h3 44. f5 Ke5 45. Kxc5 Kxf5 46. Kd4 Kf4
47. Kd3 Kf3 48. Kd2 Kf2 49. Kd1 Kg2 50. Ke2 Kxh2 51. Kf2 Kh1 52. Kf1 h2 53. Kf2
1/2-1/2

[Event "Gausdal Classics 2008 GM-B"]
[Site "Gausdal NOR"]
[Date "2008.04.10"]
[Round "3.18"]
[White "Getz, Nicolai"]
[Black "Peek, Marcel"]
[Result "1/2-1/2"]
[WhiteElo "2058"]
[BlackElo "2389"]
[PlyCount "43"]
[EventDate "2008.04.08"]
[EventType "swiss"]
[EventRounds "9"]
[EventCountry "NOR"]
[Source "lmi"]
[SourceDate "2008.04.08"]

1. e4 c5 2. Nf3 d6 3. d4 cxd4 4. Nxd4 Nf6 5. f3 e5 6. Nb3 Be7 7. c4 O-O 8. Nc3
Be6 9. Be3 Nbd7 10. Be2 Qb8 11. O-O Rc8 12. Nd5 Bxd5 13. cxd5 Bd8 14. Kh1 Bb6
15. Bg5 a6 16. Qd2 h6 17. Be3 Qa7 18. Bxb6 Qxb6 19. Na5 Ne8 20. Nc4 Qd8 21. Qb4
Rc7 22. Rac1 1/2-1/2

[Event "Gausdal Classics 2008 GM-B"]
[Site "Gausdal NOR"]
[Date "2008.04.10"]
[Round "3.19"]
[White "Afek, Yochanan"]
[Black "Naslund, Mikael"]
[Result "1-0"]
[WhiteElo "2333"]
[BlackElo "2228"]
[PlyCount "49"]
[EventDate "2008.04.08"]
[EventType "swiss"]
[EventRounds "9"]
[EventCountry "NOR"]
[Source "lmi"]
[SourceDate "2008.04.08"]

1. e4 c5 2. Nf3 e6 3. c3 d5 4. e5 d4 5. Bd3 Bd7 6. cxd4 Bc6 7. Nc3 cxd4 8. Ne4
Nd7 9. O-O Nc5 10. Nxc5 Bxc5 11. Re1 Ne7 12. a3 a5 13. b3 Bd5 14. Bb2 Nc6 15.
Be4 O-O 16. d3 Rc8 17. Rc1 Bxe4 18. Rxe4 Qe7 19. a4 Rfd8 20. Rc4 Rd7 21. Qc1
Nb4 22. Bxd4 Nxd3 23. Qc3 Nxf2 24. Kxf2 Bxd4+ 25. Rexd4 1-0

[Event "Gausdal Classics 2008 GM-B"]
[Site "Gausdal NOR"]
[Date "2008.04.10"]
[Round "3.20"]
[White "Lindberg, Bengt"]
[Black "Van Den Bersselaar, Jeroen"]
[Result "0-1"]
[WhiteElo "2442"]
[BlackElo "2177"]
[PlyCount "90"]
[EventDate "2008.04.08"]
[EventType "swiss"]
[EventRounds "9"]
[EventCountry "NOR"]
[Source "lmi"]
[SourceDate "2008.04.08"]

1. e4 c6 2. d4 d5 3. Nc3 dxe4 4. Nxe4 Bf5 5. Ng3 Bg6 6. h4 h6 7. Nf3 Nd7 8. h5
Bh7 9. Bd3 Bxd3 10. Qxd3 e6 11. Bf4 Qa5+ 12. Bd2 Bb4 13. c3 Be7 14. c4 Qc7 15.
O-O-O Ngf6 16. Kb1 O-O 17. Ne4 Nxe4 18. Qxe4 Nf6 19. Qe2 c5 20. g4 Rfd8 21. Bc1
cxd4 22. Nxd4 Bc5 23. Nb3 Bd6 24. g5 hxg5 25. Bxg5 Bf4 26. Rdg1 Bxg5 27. Rxg5
Rac8 28. c5 Rd5 29. Qe3 Qd7 30. h6 g6 31. Qc3 Rd1+ 32. Rxd1 Qxd1+ 33. Nc1 Ne8
34. b4 Qh1 35. Qd4 Qxh6 36. Rg3 Qf8 37. Rh3 Ng7 38. Nb3 Qd8 39. Rd3 Qxd4 40.
Rxd4 Ne8 41. Rd7 Rc7 42. Rd8 Kf8 43. Rb8 Ke7 44. Na5 Nf6 45. Nxb7 Nd7 0-1

[Event "Gausdal Classics 2008 GM-B"]
[Site "Gausdal NOR"]
[Date "2008.04.10"]
[Round "3.21"]
[White "Vovk, Oksana"]
[Black "Stokke, Kjetil"]
[Result "1/2-1/2"]
[WhiteElo "2166"]
[BlackElo "2375"]
[PlyCount "46"]
[EventDate "2008.04.08"]
[EventType "swiss"]
[EventRounds "9"]
[EventCountry "NOR"]
[Source "lmi"]
[SourceDate "2008.04.08"]

1. d4 Nf6 2. Nf3 g6 3. c4 Bg7 4. Nc3 O-O 5. Bg5 c5 6. e3 cxd4 7. exd4 d5 8.
Bxf6 Bxf6 9. cxd5 e6 10. dxe6 Bxe6 11. Qd2 Nc6 12. Rd1 Bg4 13. Be2 Bxf3 14.
Bxf3 Nxd4 15. Be4 Be5 16. O-O Qh4 17. g3 Qxe4 18. Nxe4 Nf3+ 19. Kg2 Nxd2 20.
Rxd2 Rac8 21. Rfd1 Rc4 22. Nd6 Rb4 23. b3 Bxd6 1/2-1/2

[Event "Gausdal Classics 2008 GM-B"]
[Site "Gausdal NOR"]
[Date "2008.04.10"]
[Round "3.22"]
[White "Bentsen, Oyvind"]
[Black "Forsaa, Espen"]
[Result "0-1"]
[WhiteElo "2115"]
[BlackElo "2312"]
[PlyCount "58"]
[EventDate "2008.04.08"]
[EventType "swiss"]
[EventRounds "9"]
[EventCountry "NOR"]
[Source "lmi"]
[SourceDate "2008.04.08"]

1. e4 c5 2. Nf3 d6 3. d4 cxd4 4. Nxd4 Nf6 5. Nc3 a6 6. Bg5 e6 7. f4 b5 8. Bd3
Nbd7 9. Nb3 Bb7 10. Qe2 Be7 11. O-O-O Qc7 12. Rd2 h6 13. Bh4 g5 14. fxg5 Nh7
15. Bxb5 axb5 16. Nxb5 Qc6 17. g6 Ng5 18. gxf7+ Kxf7 19. Qh5+ Kg7 20. N3d4 Rxa2
21. Kb1 Rha8 22. Na3 R2xa3 23. bxa3 Qb6+ 24. Nb3 Bxe4 25. Kc1 Rxa3 26. Rf1 Rxb3
27. cxb3 Qxb3 28. Rb2 Qc4+ 29. Kd2 Qxf1 0-1

[Event "Gausdal Classics 2008 GM-B"]
[Site "Gausdal NOR"]
[Date "2008.04.10"]
[Round "3.24"]
[White "Andreasen, Per"]
[Black "Olsson, Lars"]
[Result "1-0"]
[WhiteElo "2242"]
[BlackElo "2067"]
[PlyCount "49"]
[EventDate "2008.04.08"]
[EventType "swiss"]
[EventRounds "9"]
[EventCountry "NOR"]
[Source "lmi"]
[SourceDate "2008.04.08"]

1. g3 c5 2. Bg2 Nc6 3. Nf3 g6 4. O-O Bg7 5. c4 d6 6. Nc3 Bg4 7. h3 Bd7 8. e3
Qc8 9. Kh2 h5 10. d4 h4 11. g4 Nf6 12. d5 Nb8 13. g5 Ng4+ 14. hxg4 h3 15. Bh1
Bxg4 16. Qa4+ Nd7 17. Ne1 Kf8 18. f3 Ne5 19. Qc2 Bh5 20. b3 Qd7 21. Nd3 Qf5 22.
e4 Ng4+ 23. Kg3 Qd7 24. fxg4 h2 25. Bf3 1-0

[Event "Gausdal Classics 2008 GM-B"]
[Site "Gausdal NOR"]
[Date "2008.04.10"]
[Round "3.25"]
[White "Tjolsen, Katrine"]
[Black "Royset, Paal"]
[Result "0-1"]
[WhiteElo "2066"]
[BlackElo "2204"]
[PlyCount "92"]
[EventDate "2008.04.08"]
[EventType "swiss"]
[EventRounds "9"]
[EventCountry "NOR"]
[Source "lmi"]
[SourceDate "2008.04.08"]

1. Nf3 d5 2. d4 Nf6 3. c4 e6 4. Nc3 Be7 5. Bg5 h6 6. Bh4 O-O 7. e3 Nbd7 8. Rc1
a6 9. cxd5 exd5 10. Bd3 Re8 11. Bg3 c5 12. dxc5 Nxc5 13. Bb1 Bg4 14. O-O Rc8
15. Be5 Ncd7 16. Bg3 Qa5 17. a3 Bxa3 18. Nxd5 Nxd5 19. bxa3 Nc3 20. Qd3 Nf6 21.
a4 Red8 22. Qc2 Bf5 23. Qb2 Nxb1 24. Rxb1 Bxb1 25. Qxb1 Qd5 26. Be5 Ne4 27. Qb2
f6 28. Bd4 Rc4 29. a5 Rdc8 30. Qb1 Rc2 31. h3 Nxf2 32. Bxf6 Nd3 33. Bd4 Qb5 34.
Kh2 Nc1 35. Rxc1 Rxc1 36. Qg6 Qd7 37. Ne5 Qe8 38. Qg3 R8c7 39. Ng4 Kh7 40. Qf4
Qf7 41. Qe4+ Qg6 42. Qd5 R1c2 43. Bb6 Re7 44. Bd4 Qe4 45. Qxe4+ Rxe4 46. Bb6 h5
0-1

[Event "Gausdal Classics 2008 GM-B"]
[Site "Gausdal NOR"]
[Date "2008.04.10"]
[Round "3.26"]
[White "Bentsen, Hakon"]
[Black "Obers, Frits"]
[Result "1/2-1/2"]
[WhiteElo "2180"]
[BlackElo "2111"]
[PlyCount "52"]
[EventDate "2008.04.08"]
[EventType "swiss"]
[EventRounds "9"]
[EventCountry "NOR"]
[Source "lmi"]
[SourceDate "2008.04.08"]

1. e4 e6 2. d4 d5 3. Nd2 c5 4. exd5 Qxd5 5. Ngf3 cxd4 6. Bc4 Qd6 7. O-O Nf6 8.
Nb3 Nc6 9. Nbxd4 Nxd4 10. Nxd4 a6 11. c3 Qc7 12. Qe2 Bd6 13. h3 O-O 14. Bg5
Bh2+ 15. Kh1 Bf4 16. Bxf4 Qxf4 17. Rae1 Bd7 18. Qe5 Qxe5 19. Rxe5 Rac8 20. Bb3
Rfd8 21. Rd1 Be8 22. f4 g6 23. Kh2 Nd7 24. Ree1 Nc5 25. Bc2 Kf8 26. Kg1 Rd6
1/2-1/2

[Event "Gausdal Classics 2008 GM-B"]
[Site "Gausdal NOR"]
[Date "2008.04.10"]
[Round "3.27"]
[White "Ofstad, Per"]
[Black "Saevareid, Ove"]
[Result "1/2-1/2"]
[WhiteElo "2155"]
[BlackElo "2162"]
[PlyCount "27"]
[EventDate "2008.04.08"]
[EventType "swiss"]
[EventRounds "9"]
[EventCountry "NOR"]
[Source "lmi"]
[SourceDate "2008.04.08"]

1. e4 c5 2. Nf3 Nc6 3. d4 cxd4 4. Nxd4 Qb6 5. Nb3 Nf6 6. Bd3 d5 7. exd5 Nxd5 8.
O-O e6 9. N1d2 Be7 10. Nf3 Qc7 11. Re1 b6 12. Nbd4 Nxd4 13. Nxd4 O-O 14. c3
1/2-1/2

[Event "Gausdal Classics 2008 GM-B"]
[Site "Gausdal NOR"]
[Date "2008.04.10"]
[Round "3.29"]
[White "Quinn, John M"]
[Black "Hansen, Pal Andreas"]
[Result "1-0"]
[WhiteElo "2158"]
[BlackElo "2095"]
[PlyCount "49"]
[EventDate "2008.04.08"]
[EventType "swiss"]
[EventRounds "9"]
[EventCountry "NOR"]
[Source "lmi"]
[SourceDate "2008.04.08"]

1. d4 Nf6 2. c4 g6 3. Nc3 Bg7 4. Nf3 O-O 5. g3 d6 6. Bg2 Nc6 7. O-O Bg4 8. d5
Na5 9. Nd2 c5 10. h3 Bd7 11. Rb1 Qc8 12. Kh2 a6 13. Qc2 b5 14. b3 Rb8 15. Bb2
e5 16. dxe6 Bxe6 17. Nce4 Nxe4 18. Nxe4 Qc7 19. Nf6+ Kh8 20. Qe4 Bf5 21. Qh4 g5
22. Qxg5 Bg6 23. f4 Bxb1 24. Rxb1 Qd8 25. Qf5 1-0

[Event "Gausdal Classics 2008 GM-B"]
[Site "Gausdal NOR"]
[Date "2008.04.11"]
[Round "4.2"]
[White "Sundararajan, Kidambi"]
[Black "Flumbort, Andras"]
[Result "1-0"]
[WhiteElo "2441"]
[BlackElo "2499"]
[PlyCount "61"]
[EventDate "2008.04.08"]
[EventType "swiss"]
[EventRounds "9"]
[EventCountry "NOR"]
[Source "lmi"]
[SourceDate "2008.04.08"]

1. d4 Nf6 2. Nf3 g6 3. Bg5 Bg7 4. Nbd2 O-O 5. c3 d6 6. e3 Qe8 7. Bc4 e5 8. dxe5
dxe5 9. e4 Nbd7 10. O-O h6 11. Bh4 Nc5 12. Re1 a5 13. Qc2 Nh5 14. b4 Nd7 15. a4
Nb6 16. Bb5 c6 17. Bf1 g5 18. Bg3 Nxg3 19. hxg3 Qe7 20. Reb1 Qc7 21. Nb3 Be6
22. Nxa5 Rfc8 23. c4 c5 24. bxc5 Qxc5 25. Rb5 Qc7 26. Qb2 Rcb8 27. c5 Nd7 28.
Nxb7 Bf8 29. Rc1 Rxa4 30. c6 Nf6 31. Nc5 1-0

[Event "Gausdal Classics 2008 GM-B"]
[Site "Gausdal NOR"]
[Date "2008.04.11"]
[Round "4.4"]
[White "Djurhuus, Rune"]
[Black "Leniart, Arkadiusz"]
[Result "0-1"]
[WhiteElo "2459"]
[BlackElo "2324"]
[PlyCount "58"]
[EventDate "2008.04.08"]
[EventType "swiss"]
[EventRounds "9"]
[EventCountry "NOR"]
[Source "lmi"]
[SourceDate "2008.04.08"]

1. d4 Nf6 2. Nf3 d5 3. Bg5 Ne4 4. Bf4 c5 5. e3 Nc6 6. c3 cxd4 7. exd4 Bg4 8. h3
Bxf3 9. Qxf3 e5 10. dxe5 Bc5 11. Be3 Qb6 12. Bxc5 Qxb2 13. Ba3 Qxa1 14. Bd3
Nxe5 15. Qe2 Nxd3+ 16. Qxd3 O-O-O 17. Qc2 d4 18. cxd4+ Kb8 19. Qxe4 Rhe8 20.
Bd6+ Ka8 21. Be5 f6 22. O-O fxe5 23. dxe5 Qxe5 24. Qxh7 Qe4 25. Qh5 Qe2 26. g4
Rh8 27. Qf5 Rxh3 28. Rc1 Rd1+ 29. Kg2 Qf1# 0-1